000 00446nam a22001937a 4500
003 MPLRDC
005 20220104124420.0
008 210129b ||||| |||| 00| 0 eng d
020 _a7-80590-168-6
082 _a859.4 BB
100 _a白冰编
245 _a鱼的童话
_c
250 _a一版一刷
260 _a
_b海南出版社
_c1992
300 _b
490 _a中外科学童话系列
650 _a
942 _cBK
_o859.4 BB
999 _c19149
_d19139